00608cam a22002291 4500001001300000003000400013005001700017008004100034010001700075035002000092040001800112042001200130043001200142050001700154100002500171245002400196260004800220300001900268630004500287650002900332999001700361ne 64001277 DLC20260227111800.0890514s1963 tu 000 0 tur  ane 64001277  a(OCoLC)23542166 aDLCcMiUdDLC apremarc aa-tu---00aBP130.6b.C81 aÇoĝal, H. Cumah.10aKelâmî divanı. aİstanbul,bNuruosmaniye Matbaası,c1963. a157 p.c17 cm.00aQurʼanxCriticism, interpretation, etc. 0aIslamic sermons, Turkish c47044d47044